000 00470 a2200169 4500
003 OSt
005 20240111145147.0
008 240111b |||||||| |||| 00| 0 eng d
020 _a9789382581529
040 _coclc
082 _a297
_bPAR/P
100 _aParali, Kabeer M
_910255
245 _aPerunnal vidhivilakkukal /
_cKabeer M Parali
260 _aKerala:
_bDa'wa books,
_c2014
300 _a78p
942 _2ddc
_cBK
_h297
_iPAR/P
_k297
_mPAR/P
999 _c43125
_d43125